Normale Ansicht MARC-Ansicht ISBD

Poščady ne budet : (Titelsatznr. 24308)

[ MARC ]
MARC-Details
000 -Satzkennung
Kontrollfeld mit fester Länge 00795nam a22002531c 4500
001 - Kontrollnummer
Kontrollfeld a987675768
008 - Feld mit fester Länge zur physischen Beschreibung - Allgemeine Angaben
Kontrollfeld mit fester Länge 160224s2010 gw |||| 000u rus d
020 ## - Internationale Standardbuchnummer
Internationale Standardbuchnummer 9785824312812
Verknüpfung 978-5-8243-1281-2
041 ## - Sprachcode
Sprachcode des Textes/der Tonspur oder des separaten Titels rus
040 ## - Katalogisierungsquelle
Übertragungsstelle RU-10907106
003 - Kontrollnummer Identifier
Kontrollfeld RU-10907106
100 1# - Haupteintragung - Personenname
Personenname Pekkarinen, Jussi
240 10 - Einheitstitel
Einheitstitel Ei armoa Suomen selkänahasta : Ihmisluovutukset Neuvostoliittoon ; 1944-1981
245 00 - Titel
Titel Poščady ne budet :
Zusatz zum Titel peredača voennoplennych i bežencev iz Finljandii v SSSR ; 1944-1981 /
Verfasserangabe etc. Pekkarinen, Ju., Pach'onen, Ju
264 ## - Produktion, Veröffentlichung, Distribution, Herstellung und Urheberrechtsvermerk
Herstellungs-, Veröffentlichungs- Vertriebs-, Erzeugungsort Moskva :
Produzent, Herausgeber, Distributor, Hersteller ROSSPEN,
Datum der Herstellung, der Veröffentlichung, des Vertriebs oder des Urheberschutzvermerks 2010
300 ## - Physische Beschreibung
Umfang 303 S.
650 #0 - Nebeneintragung unter einem Schlagwort - Sachschlagwort
Sachschlagwort oder geografischer Name als Eintragungselement Kriegsgefangener
650 #0 - Nebeneintragung unter einem Schlagwort - Sachschlagwort
Sachschlagwort oder geografischer Name als Eintragungselement Flüchtling
650 #0 - Nebeneintragung unter einem Schlagwort - Sachschlagwort
Sachschlagwort oder geografischer Name als Eintragungselement Rückkehr
651 #0 - Nebeneintragung unter einem Schlagwort - Geografischer Name
Geografischer Name Finnland
651 #0 - Nebeneintragung unter einem Schlagwort - Geografischer Name
Geografischer Name Sowjetunion
700 1# - Nebeneintragung - Personenname
Personenname Pohjonen, Jucha
Funktionsbezeichnung VerfasserIn
942 ## - Zusätzliche Felder (Koha)
Koha-Medientyp Monographien
Exemplare
Ausgeschieden Verloren Klassifikation oder Aufstellungssystematik Beschädigt Nicht entleihbar Heimatbibliothek Aufenthaltsbibliothek Aufstellungsort Erwerbungsdatum Inventarnummer Signatur Barcode Letzte Aktivität Preis gültig von Koha-Medientyp
    Andere/Generische Klassifikation     MWN Osteuropa MWN Osteuropa Magazin - 2 24/02/2016 16-00616 Ersatzß R 63 rh Pek E0040150790BABE6 23/02/2021 22/03/2021 Monographien